Culture Générale - Série 2183 - Statistiques

Statistiques générales
  • Ce quiz a été pris 92 fois
  • Le résultat moyen est 4 sur 10
Statistiques - réponses
Question Réponse % Correct
Selon le dicton : Que perd-on lorsqu'on va à la chasse ? place
99%
Quel était le prénom du Maréchal Pétain (1856-1951) ? Philippe
69%
Par quel nom d'animal désigne-t-on l'ustensile qui sert à ramoner les conduits de cheminées ? hérisson
56%
Comment appelle-t-on le bovidé d'Afrique représenté sur la photographie ? gnou
55%
Dans la chanson de Georgette Plana de 1968, de quelle île "Riquita" est-elle la jolie fleur ? Java
52%
C'est un tueur à gages (terme littéraire ou historique) - 7 lettres commençant par " s " sicaire
24%
Quel était le prénom du Maréchal Juin (1888-1967) ? Alphonse
13%
Petite besace qui sert au chasseur à transporter son gibier, synonyme de gibecière carnier
11%
Vent chaud et sec qui souffle de l'est et du nord-est sur le Sahara et l'Afrique occidentale harmattan
5%
Vieilli : argent comptant - 6 lettres commençant par " p " pécune
2%
Aucun quiz correspondant
Distribution des résultats
% des personnes avec chaque résultat
Percentile par nombre de réponses
Votre historique - résultats
Vous n’avez pas pris ce quiz